[Event "Cheliabinsk EKRO Cup 11th"]
[Site "Cheliabinsk"]
[Date "2012.05.05"]
[Round "4"]
[White "Kholopov, Alexander A"]
[Black "Gryaznev, Alexander"]
[Result "1-0"]
[WhiteElo "2291"]
[BlackElo "1920"]
[PlyCount "55"]
[EventDate "2012.05.02"]
[EventType "swiss"]
[EventRounds "9"]
[EventCountry "RUS"]
[SourceTitle "CBM 148 Extra"]
[Source "ChessBase"]
[SourceDate "2012.06.22"]
[SourceVersion "1"]
[SourceVersionDate "2012.06.22"]
[SourceQuality "1"]

1. c4 e5 2. Nc3 Nf6 3. Nf3 Nc6 4. g3 d5 5. cxd5 Nxd5 6. Bg2 Be6 7. 0-0 Be7 8. d4 exd4 9. Nxd4 Nxc3 10. bxc3 Nxd4 11. cxd4 c6 12. Rb1 Qd7 13. Qc2 0-0 14. Rd1 Rfc8 15. Bf4 a5 16. a4 g5 17. Bd2 b5 18. axb5 cxb5 19. Qb2 Bc4 20. Bxa8 Rxa8 21. d5 Bxe2 22. Re1 Bf3 23. Qxb5 Qh3 24. Qf1 Qd7 25. Qd3 Bg4 26. Qd4 Bf3 27. Bc3 f6 28. Qe3 1-0

[Event "Cheliabinsk-ch"]
[Site "Cheliabinsk"]
[Date "2011.01.20"]
[Round "5"]
[White "Khazhipov, Timur"]
[Black "Gryaznev, Alexander"]
[Result "1-0"]
[WhiteElo "2029"]
[BlackElo "1960"]
[PlyCount "43"]
[EventDate "2011.01.13"]
[EventType "swiss"]
[EventRounds "9"]
[EventCountry "RUS"]
[SourceTitle "EXT 2012"]
[Source "ChessBase"]
[SourceDate "2011.11.24"]
[SourceVersion "1"]
[SourceVersionDate "2011.11.24"]
[SourceQuality "1"]

1. e4 c5 2. Nf3 Nc6 3. d4 cxd4 4. Nxd4 Nf6 5. Nc3 d6 6. Bg5 Bd7 7. f4 Bc8 8. Qd2 Qb6 9. Bxf6 gxf6 10. Nb3 Be6 11. f5 Bxb3 12. axb3 h5 13. Bc4 Bh6 14. Qe2 a6 15. Rd1 Nb4 16. Nd5 Nxd5 17. Rxd5 Bg5 18. c3 h4 19. Qf3 Bc1 20. Qe2 Bf4 21. Rd3 Rg8 22. Kd1 1-0

[Event "Cheliabinsk Postovalov Memorial 5th"]
[Site "Cheliabinsk"]
[Date "2011.01.09"]
[Round "8"]
[White "Mokshantsev, Andrei"]
[Black "Gryaznev, Alexander"]
[Result "0-1"]
[WhiteElo "1743"]
[BlackElo "1960"]
[PlyCount "50"]
[EventDate "2011.01.06"]
[EventType "swiss"]
[EventRounds "9"]
[EventCountry "RUS"]
[SourceTitle "CBM 140 Extra"]
[Source "ChessBase"]
[SourceDate "2011.03.01"]
[SourceVersion "1"]
[SourceVersionDate "2011.03.01"]
[SourceQuality "1"]

1. d4 d5 2. c4 Nf6 3. Nc3 e6 4. Bg5 Be7 5. Nf3 0-0 6. e3 b6 7. Be2 Bb7 8. 0-0 Nbd7 9. Qc2 Rc8 10. Bd3 h6 11. Bh4 c5 12. Qe2 dxc4 13. Bxc4 Bxf3 14. gxf3 cxd4 15. exd4 Re8 16. Kh1 Nd5 17. Bxe7 Nxc3 18. Qd3 Rxe7 19. bxc3 Qc7 20. Bb3 Qxc3 21. Qe4 Nf6 22. Qf4 Rd8 23. Rfd1 Qc7 24. Qe3 Nd5 25. Qe4 Nc3 0-1

[Event "Cheliabinsk Victory Cup"]
[Site "Cheliabinsk"]
[Date "2010.05.06"]
[Round "7"]
[White "Gryaznev, Alexander"]
[Black "Fesenko, Vitaly"]
[Result "0-1"]
[WhiteElo "1969"]
[BlackElo "2206"]
[PlyCount "40"]
[EventDate "2010.04.30"]
[EventType "swiss"]
[EventRounds "9"]
[EventCountry "RUS"]
[SourceTitle "EXT 2011"]
[Source "ChessBase"]
[SourceDate "2010.11.26"]
[SourceVersion "1"]
[SourceVersionDate "2010.11.26"]
[SourceQuality "1"]

1. e4 c5 2. Na3 Nc6 3. Nf3 g6 4. d4 cxd4 5. Nxd4 Bg7 6. c3 Nf6 7. Bd3 d5 8. Nxc6 bxc6 9. e5 Ng4 10. f4 f6 11. h3 Nh6 12. 0-0 0-0 13. exf6 exf6 14. Be3 Nf5 15. Bd2 Qb6+ 16. Kh1 Qxb2 17. Nc2 Rb8 18. Rb1 Qxb1 19. Qxb1 Rxb1 20. Rxb1 c5 0-1

[Event "Cheliabinsk Victory Cup"]
[Site "Cheliabinsk"]
[Date "2010.05.03"]
[Round "4"]
[White "Kosatukhin, Andrey"]
[Black "Gryaznev, Alexander"]
[Result "0-1"]
[WhiteElo "1967"]
[BlackElo "1969"]
[PlyCount "81"]
[EventDate "2010.04.30"]
[EventType "swiss"]
[EventRounds "9"]
[EventCountry "RUS"]
[SourceTitle "EXT 2011"]
[Source "ChessBase"]
[SourceDate "2010.11.26"]
[SourceVersion "1"]
[SourceVersionDate "2010.11.26"]
[SourceQuality "1"]

1. e4 c5 2. Nf3 Nc6 3. d4 cxd4 4. Nxd4 Nf6 5. Nc3 d6 6. Bg5 Bd7 7. Be2 h6 8. Bh4 a6 9. 0-0 g5 10. Bg3 Bg7 11. Nxc6 Bxc6 12. e5 dxe5 13. Bxe5 Qa5 14. Bg3 Rd8 15. Bd3 0-0 16. Re1 e6 17. Qe2 Nd7 18. Qh5 Nf6 19. Qe2 Nd7 20. a3 Rfe8 21. Qh5 Nf6 22. Qe2 Rd7 23. Be5 Red8 24. Kh1 Ne8 25. Bxg7 Kxg7 26. f3 Nf6 27. Qf2 Qc7 28. Re2 Rd4 29. Rae1 Rh4 30. g3 Ng4 31. gxh4 Nxf2+ 32. Rxf2 Qb6 33. Rff1 Qxb2 34. Nd1 Qxa3 35. hxg5 h5 36. Ne3 f5 37. Kg1 Qc5 38. Re2 Rd4 39. Ng2 Kg6 40. Ne3 a5 41. Nc4 0-1

[Event "Cheliabinsk Sveshnikov 60 op"]
[Site "Cheliabinsk"]
[Date "2010.03.03"]
[Round "8"]
[White "Shnayder, Violetta"]
[Black "Gryaznev, Alexander"]
[Result "1/2-1/2"]
[WhiteElo "1876"]
[BlackElo "1963"]
[PlyCount "24"]
[EventDate "2010.02.24"]
[EventType "swiss"]
[EventRounds "9"]
[EventCountry "RUS"]
[SourceTitle "EXT 2012"]
[Source "ChessBase"]
[SourceDate "2011.11.24"]
[SourceVersion "1"]
[SourceVersionDate "2011.11.24"]
[SourceQuality "1"]

1. e4 e5 2. Nf3 Nc6 3. Bb5 a6 4. Ba4 d6 5. c3 Nf6 6. 0-0 Be7 7. Re1 0-0 8. h3 b5 9. Bb3 Na5 10. Bc2 c5 11. d4 Qc7 12. d5 Bd7 1/2-1/2

[Event "Cheliabinsk-ch 1L op"]
[Site "Cheliabinsk"]
[Date "2010.01.16"]
[Round "3"]
[White "Gryaznev, Alexander"]
[Black "Krapivin, Viktor"]
[Result "1/2-1/2"]
[WhiteElo "1963"]
[BlackElo "1942"]
[PlyCount "69"]
[EventDate "2010.01.??"]
[EventType "swiss"]
[EventRounds "9"]
[EventCountry "RUS"]
[SourceTitle "EXT 2012"]
[Source "ChessBase"]
[SourceDate "2011.11.24"]
[SourceVersion "1"]
[SourceVersionDate "2011.11.24"]
[SourceQuality "1"]

1. e4 c5 2. Nf3 d6 3. Be2 Nf6 4. c3 Nbd7 5. d3 e6 6. Bg5 Be7 7. Nbd2 0-0 8. 0-0 Qc7 9. h3 d5 10. Re1 b6 11. Bf1 dxe4 12. dxe4 Bb7 13. Qc2 Rad8 14. a3 h6 15. Bh4 Rfe8 16. Rad1 Nh5 17. Bxe7 Rxe7 18. Nc4 Nf8 19. Rxd8 Qxd8 20. Nce5 Nf6 21. Nd2 N8d7 22. Nef3 Nf8 23. Ne5 N8d7 24. Nec4 Qc7 25. a4 Ba6 26. e5 Ne8 27. Qe4 Nf8 28. Qg4 Qc6 29. b3 Bb7 30. Ne4 Kh8 31. Ncd6 f5 32. exf6 Nxf6 33. Qf3 Qxd6 34. Nxd6 Bxf3 35. gxf3 1/2-1/2

[Event "Cheliabinsk-ch sf"]
[Site "Cheliabinsk"]
[Date "2007.12.11"]
[Round "3"]
[White "Gryaznev, Alexander"]
[Black "Ilyin, Konstantin"]
[Result "1-0"]
[WhiteElo "1985"]
[BlackElo "2195"]
[PlyCount "89"]
[EventDate "2007.12.03"]
[EventType "swiss"]
[EventRounds "9"]
[EventCountry "RUS"]
[SourceTitle "EXT 2022"]
[Source "ChessBase"]
[SourceDate "2021.10.06"]
[SourceVersion "1"]
[SourceVersionDate "2021.10.06"]
[SourceQuality "1"]

1. e4 c5 2. Nf3 Nc6 3. d4 cxd4 4. Nxd4 Nf6 5. Nc3 g6 6. Be2 Bg7 7. Be3 0-0 8. Qd2 d5 9. f4 Nxe4 10. Nxe4 dxe4 11. 0-0-0 Nxd4 12. Bxd4 Be6 13. g4 Qd5 14. b3 Rfd8 15. Bxg7 Qxd2+ 16. Rxd2 Rxd2 17. Kxd2 Kxg7 18. Ke3 f5 19. h3 Bd5 20. Rd1 Bc6 21. b4 b5 22. a4 Rb8 23. axb5 Bxb5 24. c4 Be8 25. b5 Kf6 26. Ra1 Rb7 27. Ra5 Rc7 28. Ra6+ e6 29. Kd4 Rd7+ 30. Kc3 Ke7 31. c5 e5 32. fxe5 f4 33. c6 Rc7 34. Kd4 e3 35. g5 Kd8 36. Ke4 Rf7 37. Ra4 h6 38. h4 hxg5 39. hxg5 Rf5 40. Rxa7 Rxg5 41. Kxf4 Rf5+ 42. Ke4 Rg5 43. Kd4 Rf5 44. c7+ Kc8 45. b6 1-0